MDQL
is popping MORE tags! Check the
thread
!
Quizzes
Events
Quiz Creation
Community
Videos
Private Events
Remove Ads
Sign In
Join for FREE
Feedback
Dark Mode
Quiz Categories
Sports
Geography
Music
Movies
Television
Just For Fun
Miscellaneous
History
Literature
Language
Science
Gaming
Entertainment
Religion
Holiday
For Kids
Quiz Lab
Recent
Popular Today
Quiz Kudos Today
Editor Picks
Curator Picks
Quizzes by...
Day
Popularity
Type
Ratings
Length
Year
Community
Subscriptions
Recent Discussions
Orange Saloon
Badges
Playlists
Quests
Create
Leaderboards
Showdown
Live 5
Trivia Bingo
Activity
Puzzle Library
Sporcle Events
Private Events
Virtual Trivia
Globe League
Become a Host
Pub Owners
SporcleCon
Opinionation
Our Games
Videos
Blog
Mobile Apps
Partnerships
Remove Ads and Go Orange
Feedback
Geography
Country
Landmarks
City
State
Population
World
Capital
Continent
Flags
Europe
Africa
Asia
South America
North America
Oceania
Border
Canada
United Kingdom
Topography
United States
Geography
Country
Landmarks
City
State
Population
World
Capital
Continent
Flags
Europe
Africa
Asia
South America
North America
Oceania
Border
Canada
United Kingdom
Topography
United States
Random Quiz
Search Sporcle
×
Quiz Lab
Quiz Lab
Geography
State
Type in answers that appear in a list
Type in answers that appear in a list
Classic
Best Score? Go Orange.
200 U.S. Metros Stats
Can you name the 200 Most Populous U.S. Metros?
By
Gr8Howie
20m
200 Questions
2,835 Plays
2,835 Plays
2,835 Plays
Comments
Comments
Give Quiz Kudos
Give Quiz Kudos
-
- Ratings
hide this ad
More Info
Replay
Link that replays current quiz
Next Quiz
Link to next quiz in quiz playlist
You Got
0%
They Got
Avg Score
72%
Avg Friend Score
Upgrade to see
Score Distribution
Jump to the score distribution portion of the page
Score
0/200
Timer
20:00
0
Plays Today
Rank
Metro Area
% Correct
1
New York
99%
2
Los Angeles
98.8%
3
Chicago
98.3%
4
Dallas-Fort Worth
98.3%
7
Miami
98.3%
6
Houston
98.2%
8
Atlanta
98%
5
Philadelphia
98%
10
Boston
97.8%
13
San Francisco-Oakland
97.8%
9
Washington
97.7%
12
Phoenix
97.6%
15
Seattle
97.5%
11
Detroit
97.4%
17
San Diego
97.4%
21
Denver
97.1%
23
Portland
96.7%
99
Portland
96.7%
16
Minneapolis-St.Paul
96.7%
20
Baltimore
96.5%
29
Kansas City
96.3%
22
Pittsburgh
96.1%
18
St. Louis
95.9%
19
Tampa-St. Petersburg
95.7%
26
Cleveland
95.7%
30
Las Vegas
95.6%
93
Jackson
95.5%
24
Cincinnati
95.3%
27
Orlando
95.2%
33
Indianapolis
95.1%
32
Columbus
94.9%
160
Columbus
94.9%
38
Nashville
94.6%
44
Oklahoma City
94.5%
28
San Antonio
94.5%
40
Jacksonville
94.4%
46
New Orleans
94.3%
25
Sacramento
94.3%
36
Austin
94.3%
49
Salt Lake City
94%
41
Memphis
93.9%
47
Buffalo
93.4%
50
Raleigh
93.3%
34
Charlotte
92.9%
39
Milwaukee
92.7%
42
Louisville
92%
31
San Jose
91.9%
37
Providence
91.7%
145
Eugene-Springfield
91.4%
57
Albany
91.1%
48
Birmingham
90.9%
55
Honolulu
90.4%
43
Richmond
90.4%
45
Hartford
89.9%
35
Norfolk-Virginia Beach
89.8%
68
El Paso
89.8%
75
Springfield
89.8%
113
Springfield
89.8%
199
Springfield
89.8%
80
Charleston
89.5%
152
Charleston
89.5%
67
Baton Rouge
89.4%
76
Little Rock
89.2%
60
Omaha
88.8%
53
Tulsa
88.6%
52
Tucson
88.5%
59
Albuquerque
88.5%
Rank
Metro Area
% Correct
85
Boise
88.3%
89
Madison
87.9%
83
Colorado Springs
86.8%
90
Des Moines
86.6%
51
Rochester
86.6%
69
Columbia
86.4%
14
Riverside-San Bernadino-Ontario
86.1%
139
Tallahassee
85.5%
79
Toledo
83.9%
81
Syracuse
83.7%
61
Dayton
83.3%
72
Akron
83.3%
135
Montgomery
83.1%
155
Lincoln
82.9%
84
Wichita
82.6%
73
Knoxville
82.5%
116
Reno-Sparks
82.3%
122
Mobile
82.2%
127
Anchorage
81.3%
54
Fresno
81.3%
66
Grand Rapids
80.4%
108
Lexington
79.9%
58
New Haven
79.7%
146
Savannah
79.6%
95
Augusta
79.6%
56
Bridgeport-Stamford-Norwalk
79.4%
136
Trenton
79%
71
Greensboro
77.6%
106
Spokane
76.9%
97
Harrisburg
76.4%
107
Lansing
76.4%
191
Topeka
76.1%
92
Provo-Orem
75.5%
91
Scranton-Wilkes-Barre
75.4%
129
Salem
75.3%
153
Green Bay
74.9%
63
Bakersfield
74.8%
65
Worcester
74.5%
103
Durham
74.1%
117
Fort Wayne
73.1%
115
Corpus Christi
73%
130
Shreveport
72.8%
111
Flint
71.8%
98
Chattanooga
71.1%
163
Erie
71%
62
Allentown-Bethlehem-Easton
70.8%
126
Manchester-Nashua
69.7%
166
Lubbock
69.5%
144
Wilmington
68.2%
88
Youngstown
68%
188
Sioux Falls
68%
104
Winston-Salem
67.4%
110
Fayetteville-Springdale-Rogers
67.3%
182
Amarillo
67.1%
140
Fayetteville
66.7%
157
Boulder
65.8%
143
Ann Arbor
65.1%
127
Huntsville
65%
78
Stockton
65%
190
Waco
64.6%
164
Duluth
64.6%
149
South Bend
64.5%
82
Greenville
64.1%
133
Davenport-Moline-Rock Island
63.3%
197
Burlington
62.8%
134
Peoria
62.7%
96
Ogden-Clearfield
62.6%
Rank
Metro Area
% Correct
175
Cedar Rapids
62.2%
86
Cape Coral-Fort Myers
62.1%
173
Gainesville
62.1%
142
Evansville
62%
165
Atlantic City
61.9%
158
Fort Collins
61.4%
128
Brownsville-Harlingen
61.4%
141
Rockford
60.9%
156
Utica-Rome
60.5%
186
Gulfport-Biloxi
60.1%
102
Deltona-Daytona Beach-Ormond Beach
59.9%
184
Laredo
59.5%
172
Lafayette
59.5%
109
Pensacola
59.4%
118
Asheville
58.9%
123
Santa Barbara-Santa Maria-Goleta
58.6%
100
Modesto
58.3%
181
Olympia
58.2%
70
McAllen-Edinburg-Mission
57.8%
161
Huntington-Ashland
57.4%
64
Oxnard-Thousand Oaks-Ventura
57.3%
74
North Port-Bradenton-Sarasota
56.6%
120
Canton-Massillion
56.4%
154
Roanoke
56.1%
189
Macon
56%
101
Lancaster
55.1%
200
Tuscaloosa
54.6%
148
Kalamazoo
53.9%
77
Poughkeepsie-Newburgh-Middletown
51.6%
159
Fort Smith
51.6%
125
Reading
50.9%
174
Myrtle Beach
49.8%
94
Palm Bay-Melbourne-Titusville
49.2%
132
Beaumont-Port Arthur
47.4%
192
Champaign-Urbana
47%
124
Port St. Lucie
47%
87
Lakeland-Winter Haven
46.8%
180
Binghamton
46.8%
150
Naples-Marco Island
46.6%
151
Kingsport-Bristol
46.3%
114
York-Hanover
46%
198
College Station-Bryan
44.7%
105
Santa Rosa-Petaluma
44%
162
Spartanburg
43.8%
147
Ocala
43.5%
119
Salinas
43.4%
131
Killeen-Temple-Fort Hood
43.4%
187
Yakima
41.6%
176
Santa Cruz-Watsonville
40.9%
170
Clarksville
40.5%
195
Appleton
40.4%
168
Norwich-New London
40.3%
112
Visalia-Porterville
39.6%
179
Lynchburg
39.2%
121
Vallejo-Fairfield
39%
167
San Luis Obispo-Paso Robles
37.5%
185
Kennewick-Pasco-Richland
36.8%
177
Greeley
36.5%
138
Hickory-Lenoir-Morganton
35.7%
169
Hagerstown-Martinsburg
35%
194
Chico
34.7%
178
Merced
33.3%
196
Prescott
32.5%
171
Holland-Grand Haven
29.4%
193
Barnstable Town
28.8%
183
Bremerton-Silverdale
26.8%
Quiz Playlist
Details
Report
Send in Message
Add To Playlist
More Info:
Name the 200 largest Metropolitan Statistical Areas (MSAs) in the United States.
Classic:
Type in answers that appear in a list
Quiz Source
Last Updated: Aug 15, 2018
Quiz Scoreboard
CHALLENGE
Sign Up to Join the Scoreboard
Show All
Scores
Hide
Comments
May contain spoilers
Recently Published
1-10 Letter E Words III
by El_Dandy
Language
2m
Street Fighter Characters
by Artimus82
Gaming
60s
College Basketball Coaching Resumes
by pancakes188
Sports
9m
More to Explore
Quiz From the Vault
Featured Blog Post
Where Did the Easter Bunny Come From?
hide this ad
You Might Also Like...
Tags
State Quiz
200
200 Most
area
metro
retro
US Metros
Today's Top Quizzes in Geography
Browse Geography
hide this ad
Today's Top Quizzes in State
Browse State
Top Contributed Quizzes in Geography
1
Countries of the World - No Outlines Minefield
2
Top 25 Cities of France on a map
3
Any capital of a 'B' country per Continent
4
Any capital of a 'C' country per Continent
5
Closest Countries to UK A-Z
6
Any capital of a 'D' country per Continent
7
5-to-1: US Geography No Hints
8
Any capital of an 'E' country per Continent
9
Find the US States - No Outlines
10
Any capital of an 'F' country per Continent
Explore More
Trending Topics
NBA
Anime
Crossword
Kpop
Harry Potter
Disney
Marvel
WWE
Song
Soccer
NFL
The Office
Pokémon
Country
Puzzle
hide this ad
More By:
Gr8Howie
Quiz
Plays
Rating
Category
Featured
Created
200 U.S. Metros
2,835
4.57
Geography
Mar 7, 2010
Low Major D1 Baketball
304
1.00
Sports
Mar 20, 2010
Go to Creator's Profile
Score Distribution
Quiz Creator Spotlight
Gr8Howie
Follow
Send a Message
Quizzes Created
-
Created Quiz Play Count
-
More By This Creator
Popular Quizzes Today
1
Find the US States - No Outlines Minefield
2
Find the Countries of Europe - No Outlines Minefield
3
The Countries of the World
4
Find the US States
5
Risky Map Clicking: Biggest States A-Z
6
US States
7
Popular People in 1961
8
Movies - When Are They Set?
More Geography Quizzes
All about... Edmonton
Curator's Pick
Trending Quizzes
Risky Map Clicking: Least Populous States A-Z
USA Borders Longest to Shortest
1-10 Letter G Words
1-10 Letter F Words
Countries of the World: 200 Million BC
Recently Updated
Leaping Animals
pecheneg
Reality TV Shows (A-Z)
bhenderson79
Rickey Henderson's Hall of Fame Teammates
pecheneg
Champions League XIs: Arsenal
pecheneg
Quick Pick: Celebrities in WWE's Hall of Fame
aduchscher
A-Z Keypad Blitz II
pecheneg
Multiple Oscar Actors
pecheneg
Mystery Phrase Blitz: Oscar 'Best Actors'
pecheneg
F. Scott Fitzgerald Novels
LTH
Pick 3 Villains
ddd62291
Trending Topics
Marvel
Harry Potter
NBA
Anime
Disney
Crossword
Kpop
WWE
The Office
Soccer
Country
Song
Puzzle
Pokémon
NFL
Your Account Isn't Verified!
In order to create a playlist on Sporcle, you need to verify the email address you used during registration. Go to your
Sporcle Settings
to finish the process.
Report this User
Report this user for behavior that violates our
Community Guidelines
.
Details:
Send Report
Go to the Sporcle.com Mobile Site →
Comments